| 000 | 00337 a2200133 4500 | ||
|---|---|---|---|
| 001 | 154147 | ||
| 040 | _cEscola São Tomás de Aquino | ||
| 240 | 1 | 0 |
_aMinidicionário bilíngue prático _lpor |
| 245 | 1 | 0 | _aMinidicionário bilíngue prático |
| 362 | 0 | _a2007 | |
| 440 | 1 | _aPositivo | |
| 697 | _aDicionários de inglês | ||
| 942 | _cMATP | ||
| 999 |
_c154147 _d154147 |
||